Нравственность в поведении экономических субъектов; Культура Отечества: прошлое, настоящее, будущее; Вып. 3 : Российское предпринимательство и духовная культура

Dades bibliogràfiques
Parent link:Культура Отечества: прошлое, настоящее, будущее/ Московская патриархия, Новосибирская Епархия, Благочиние православных храмов Томской области.— , 1993-1995
Вып. 3 : Российское предпринимательство и духовная культура.— 1995.— С. 23-28
Autor principal: Барышева Г. А. Галина Анзельмовна
Idioma:rus
Publicat: 1995
Matèries:
Format: Capítol de llibre
KOHA link:https://koha.lib.tpu.ru/cgi-bin/koha/opac-detail.pl?biblionumber=232266

MARC

LEADER 00000naa2a2200000 4500
001 232266
005 20231221155512.0
035 |a (RuTPU)RU\TPU\book\253302 
090 |a 232266 
100 |a 20130211d1995 k y0rusy50 ca 
101 0 |a rus 
102 |a RU 
200 1 |a Нравственность в поведении экономических субъектов  |f Г. А. Барышева 
461 0 |0 (RuTPU)RU\TPU\book\310  |t Культура Отечества: прошлое, настоящее, будущее  |f Московская патриархия, Новосибирская Епархия, Благочиние православных храмов Томской области  |d 1993-1995 
463 0 |0 (RuTPU)RU\TPU\book\220782  |t Вып. 3 : Российское предпринимательство и духовная культура  |o сборник тезисов докладов III Духовно-исторических чтений  |f под ред. Л. М. Хараима, О. Т. Лойко  |v С. 23-28  |d 1995  |p 112 с. 
610 1 |a труды учёных ТПУ 
700 1 |a Барышева  |b Г. А.  |c экономист  |c профессор Томского политехнического университета, доктор экономических наук  |f 1961-  |g Галина Анзельмовна  |3 (RuTPU)RU\TPU\pers\25765  |9 11658 
801 1 |a RU  |b 63413507  |c 20130211 
942 |c BK